Szczegóły MARC21

Śmierć w Wenecji ; oraz Mario i czarodziej /

003 -Nazwa inst., której nr kontr. jest w polu 001 [,]
    • @
    • Nazwa instytucji, której n kontrolny jest w polu 001
    • NUKAT
005 -DATA I CZAS OSTATNIEJ MODYFIKACJI [,]
    • @
    • pole kontrolne
    • 20241231092637.0
020 -Międzynarod. znormalizowany nr książki - ISBN [ , ]
    • a
    • Numer ISBN
    • 8385193812 Find
040 -Instytucja sporządzająca opis [ , ]
    • a
    • Instytucja, która sporządziła opis (NP)
    • GD U/as
    • c
    • Instytucja, która sporządziła rekord (NP)
    • GD U/as
    • d
    • Instytucja, która zmodyfikowała rekord (P)
    • GD U/as
    • d
    • Instytucja, która zmodyfikowała rekord (P)
    • WA U/BM
041 -Język dokumentu [1, ]
    • a
    • Język tekstu (P)
    • polski
    • h
    • Język tekstu oryginalnego i/lub pośredniego (P)
    • niemiecki
942 -Rodzaj dokumentu [ , ]
    • c
    • Rodzaj dokumentu
    • Książka
100 -Hasło główne - nazwa osobowa [1, ]
    • a
    • Nazwa osobowa (NP)
    • Mann, Thomas
    • d
    • Daty biograficzne (NP)
    • (1875-1955).
    • 9
    • KHW
    • 12980
240 -Tytuł ujednolicony [1,0]
    • a
    • Tytuł ujednolicony
    • Tod in Venedig
    • l
    • Język tekstu
    • (pol.)
    • 9
    • KHW
    • 642979
245 -Strefa tytułu i oznaczenia odpowiedzialności [1,0]
    • a
    • Tytuł
    • Śmierć w Wenecji ; Find
    • b
    • Ciąg dalszy tytułu (NP)
    • oraz Mario i czarodziej / Find
    • c
    • Pozostałe elementy strefy tytułu i oznaczenia odpowiedzialności (NP)
    • Tomasz Mann ; przeł. Leopold Staff.
260 -Strefa adresu wydawniczego [ , ]
    • a
    • Miejsce wydania (P)
    • Wrocław :
    • b
    • Nazwa wydawcy (P)
    • Siedmioróg,
    • c
    • Data wydania (P)
    • 1992.
300 -Strefa opisu fizycznego [ , ]
    • a
    • Określenie formy książki i/lub objętość (NP)
    • 148 s. ;
    • c
    • Format (NP)
    • 20 cm.
336 -Typ zawartości [ , ]
    • a
    • Termin opisujący typ zawartości
    • Tekst
    • b
    • Kod określający zawartość
    • txt
    • 2
    • Źródło (terminu i kodu)
    • rdacontent
337 -Typ mediów [ , ]
    • a
    • Tryb odtwarzania
    • Bez urządzenia pośredniczącego
    • b
    • Kod typu mediów
    • n
    • 2
    • Źródło (terminu i kodu)
    • rdamedia
338 -Typ/rodzaj nośnika [ , ]
    • a
    • Hasło opisujące typ nośnika
    • Wolumin
    • b
    • Kod typu nośnika
    • nc
    • 2
    • Źródło (terminu i kodu)
    • rdacarrier
490 -Strefa serii i książki wielotomowej - forma nie do wyszukiwania [1, ]
    • a
    • Tytuł (P)
    • Klasycy Find
830 -Hasło dodatkowe serii i opisu książki wielotomowej - tytuł ujednolicony/tytuł [ ,0]
    • a
    • Tytuł ujednolicony/tytuł (NP)
    • Klasycy
    • 9
    • KHW
    • 644390
080 -Uniwersalna Klasyfikacja Dziesiętna [ , ]
    • 2
    • Identyfikator wydania tablic
    • UDC-P022
    • a
    • Symbol klasyfikacji
    • 821.122.2-3
    • b
    • Dopowiedzenie
    • Literatura niemiecka. - Powieści, nowele, opowiadania.
655 -Hasło w funkcji tematu formalnego [ ,7]
    • a
    • Hasło
    • Nowele niemieckie
    • y
    • Określnik chronologiczny
    • 20 w.
    • v
    • Określnik formy
    • tłumaczenia polskie.
    • 2
    • Źródło terminu
    • kaba
    • 9
    • KHW
    • 358830
980 -Symbol UKD [ , ]
    • a
    • UKD
    • 821.122.2-3
700 -Hasło dodatkowe - nazwa osobowa [1,2]
    • a
    • Nazwa osobowa (NP)
    • Mann, Thomas Find
    • d
    • Daty biograficzne (NP)
    • (1875-1955).
    • t
    • Tytuł ujednolicony/tytuł (NP)
    • Mario und der Zauberer Find
    • l
    • Język tekstu (NP)
    • (pol.)
    • 9
    • KHW
    • 96928
700 -Hasło dodatkowe - nazwa osobowa [1, ]
    • a
    • Nazwa osobowa (NP)
    • Staff, Leopold Find
    • d
    • Daty biograficzne (NP)
    • (1878-1957).
    • e
    • Określenie rodzaju współpracy
    • Tł.
    • 9
    • KHW
    • 18449
710 -Hasło dodatkowe - nazwa ciała zbiorowego [2, ]
    • a
    • Nazwa ciała zbiorowego lub nazwa geograficzna jako pierwszy element (NP)
    • Wydawnictwo Siedmioróg.
    • 4
    • Kod relacji
    • pbl
    • 9
    • KHW
    • 78238
920 -ISBN [ , ]
    • a
    • ISBN
    • 83-85193-81-2 Find
Sygnatura Lokalizacja Data inwentaryzacji Uwagi nie widoczne w OPAC Numer inwentarzowy Status udost.
Pol. Literatura niemieckaBM retrokonwersjaG.8697-3